00485 a2200181 4500003000400000005001700004008004100021020001100062035001200073037004500085040002500130082001000155100001700165245003200182250001200214260004000226300003700266dpl20191204181129.0191204b ||||| |||| 00| 0 eng d c265.00 aB-82240 bRP-ZLS-1889 / UBH-04-05:1 / RP-04-05:ENG cEastern Book Company14a347.71 aAvtar Singh1 aCompany lawcby Avtar Singh a14th ed aLucknowbEastern Book Companyc2004 acxxviii, 736, 15 p.c26 cm (pbk)